Muskuraahaton Kay Darmiyaan (Record no. 64994)

000 -LEADER
fixed length control field 00471nam a22001817a 4500
003 - CONTROL NUMBER IDENTIFIER
control field NUST - PNEC
005 - DATE AND TIME OF LATEST TRANSACTION
control field 20170116180902.0
008 - FIXED-LENGTH DATA ELEMENTS--GENERAL INFORMATION
fixed length control field 150901b xxu||||| |||| 00| 0 eng d
020 ## - INTERNATIONAL STANDARD BOOK NUMBER
International Standard Book Number 969-8839-02-x
040 ## - CATALOGING SOURCE
Transcribing agency LIBRARY
082 ## - DEWEY DECIMAL CLASSIFICATION NUMBER
Classification number 891.4397 SHE
100 ## - MAIN ENTRY--PERSONAL NAME
9 (RLIN) 6416
Personal name Shiekh, Iqrar Hussain
245 ## - TITLE STATEMENT
Title Muskuraahaton Kay Darmiyaan
Statement of responsibility, etc. Iqrar Hussain Shiekh
260 ## - PUBLICATION, DISTRIBUTION, ETC.
Date of publication, distribution, etc. 2004
300 ## - PHYSICAL DESCRIPTION
Extent 248p.
650 ## - SUBJECT ADDED ENTRY--TOPICAL TERM
9 (RLIN) 6421
Topical term or geographic name entry element General book
General subdivision Urdu Literature
942 ## - ADDED ENTRY ELEMENTS (KOHA)
Source of classification or shelving scheme
Koha item type Book
Holdings
Withdrawn status Lost status Source of classification or shelving scheme Damaged status Not for loan Permanent Location Current Location Shelving location Date acquired Total Checkouts Full call number Barcode Date last seen Price effective from Koha item type
          Pakistan Navy Engineering College (PNEC) Pakistan Navy Engineering College (PNEC)       891.4397 SHE PNECLIB-028605 09/01/2015   Book
© 2023 Central Library, National University of Sciences and Technology. All Rights Reserved.